Language Quiz

Random Language or Letter Quiz

Three Letter 'U' Words Quiz Stats

 Plays Quiz Updated Aug 26, 2019

Support Sporcle.
Go Orange.
Score 0/19 Timer 04:00
2 Plays Today
Word % Correct
use
87.3%
ute
70.1%
urn
68.5%
ups
67.4%
ugh
64.2%
ump
58.8%
uni
55.1%
uke
54%
umm
51.8%
uns
48.8%
Word % Correct
ums
46.1%
urd
40.6%
urp
39.4%
urb
38.4%
uta
37.5%
upo
34.5%
uts
30.5%
ulu
28.6%
udo
26.5%

You're not logged in!

Compare scores with friends on all Sporcle quizzes.
OR
Log In

From the Vault

Cartoon Character by Debut

by senordingdong

Misclick and you might find yourself saying, "Ruh-Roh!"
Remove Ads.
Support Sporcle.
Get the best of Sporcle when you Go Orange. This ad-free experience offers more features, more stats, and more fun while also helping to support Sporcle. Thank you for becoming a member.

Show Comments

Extras

Top Quizzes Today


Score Distribution

Your Account Isn't Verified!

In order to create a playlist on Sporcle, you need to verify the email address you used during registration. Go to your Sporcle Settings to finish the process.

Report this User

Report this user for behavior that violates our Community Guidelines.

Details: